25 bài căn bản tự học tiếng Hoa

Guardado en:
Detalles Bibliográficos
Autor principal: Như Hà
Formato: Libro
Lenguaje:Undetermined
Publicado: Thành phố Hồ Chí Minh Thống kê 2004
Materias:
Etiquetas: Agregar Etiqueta
Sin Etiquetas, Sea el primero en etiquetar este registro!
Thư viện lưu trữ: Trung tâm Học liệu Trường Đại học Cần Thơ
LEADER 00542nam a2200193Ia 4500
001 CTU_93570
008 210402s9999 xx 000 0 und d
020 |c 24000 
082 |a 495.1 
082 |b Nh550 
100 |a Như Hà 
245 0 |a 25 bài căn bản tự học tiếng Hoa 
245 0 |c Như Hà, Việt Anh 
260 |a Thành phố Hồ Chí Minh 
260 |b Thống kê 
260 |c 2004 
650 |a Chinese language 
904 |i Nguyên 
980 |a Trung tâm Học liệu Trường Đại học Cần Thơ